| 000 | 00644cam a22002531 4500 | ||
|---|---|---|---|
| 001 | sa 67003804 | ||
| 003 | DLC | ||
| 005 | 20260227112341.0 | ||
| 008 | 900829s1966 ii 000 0 maro | ||
| 010 | _asa 67003804 | ||
| 035 | _a(OCoLC)22291942 | ||
| 040 |
_aDLC _cWaU _dDLC |
||
| 042 | _apremarc | ||
| 050 | 0 | 0 |
_aBL1215.M9 _bP28 |
| 100 | 1 | _aPaṇḍita, Śrīkr̥shṇa. | |
| 245 | 1 | 0 | _aSādhaka-sãvāda. |
| 260 | _c1966. | ||
| 300 |
_aiii, 168 p. _c19 cm. |
||
| 500 | _aIn Marathi. | ||
| 650 | 0 | _aEcstasy (Hinduism) | |
| 650 | 0 |
_aMysticism _xHinduism |
|
| 700 | 1 | _aMahārāja, Appā. | |
| 700 | 1 |
_aTulpule, Ganesh Vishnu, _d1890- |
|
| 999 |
_c74083 _d74083 |
||